Instant profit
Đã lưu trong:
| Príomhúdar: | |
|---|---|
| Formáid: | Leabhar |
| Teanga: | Undetermined |
| Foilsithe: |
New York, NY
McGraw-Hill
2006
|
| Ábhair: | |
| Clibeanna: |
Cuir Clib Leis
Gan Chlibeanna, Bí ar an gcéad duine leis an taifead seo a chlibeáil!
|
| Thư viện lưu trữ: | Trung tâm Học liệu Trường Đại học Cần Thơ |
|---|
| LEADER | 00572nam a2200205Ia 4500 | ||
|---|---|---|---|
| 001 | CTU_129120 | ||
| 008 | 210402s9999 xx 000 0 und d | ||
| 020 | |c 280000 | ||
| 082 | |a 658.022 | ||
| 082 | |b S947 | ||
| 100 | |a Sugars, Bradley J. | ||
| 245 | 0 | |a Instant profit | |
| 245 | 0 | |c Bradley J. Sugars | |
| 260 | |a New York, NY | ||
| 260 | |b McGraw-Hill | ||
| 260 | |c 2006 | ||
| 650 | |a Small business,Profit.,Doanh nghiệp nhỏ,Lợi nhuận | ||
| 650 | |x Management,Quản trị | ||
| 904 | |i Minh | ||
| 980 | |a Trung tâm Học liệu Trường Đại học Cần Thơ | ||